00710nam a22002057a 450000500170000001000150001702000260003203500140005803700130007208200100008524501120009526000400020727001130024730000210036050000400038170000310042170000130045270000170046570000220048220191121114608.0 aENG-126952 a9789389146820c500.00 aEN-110484 bDBAD/PUB a330.9 aDigital innovation- a transformative tool for economic growth /ced. by P. Maria Sahaya Rossiyana...[et al] aMaduraibShanlax Publicationsc2019 a61,66 T.P.K. Main road, Vasantha Nagar, Tamilnadu, IndiabMaduraie625003mpublisher@shanlaxpublications.com a221p.c24cm(pbk) aIncludes bibliographical references aRossiyana, P. Maria Sahaya aSony, O. aPriyanka, T. aRegi, S. Bulomine